The academic production on open educational resources in Portuguese (Record no. 193586)

MARC details
000 -CABECERA
campo de control de longitud fija 02074nab a2200265 a 4500
005 - FECHA Y HORA DE LA ÚLTIMA TRANSACCIÓN
campo de control 20210219163356.0
008 - ELEMENTOS DE LONGITUD FIJA--INFORMACIÓN GENERAL
campo de control de longitud fija 991125s1985 mx 000 0 spa u
035 ## - NÚMERO DE CONTROL DEL SISTEMA
Número de control de sistema UPN01000221489
049 ## - COLECCIÓN
Colección ART
100 1# - ASIENTO PRINCIPAL--NOMBRE PERSONAL
Nombre de persona Zancanaro, Airton
100 1# - ASIENTO PRINCIPAL--NOMBRE PERSONAL
Filiación airtonza@gmail.com
100 1# - ASIENTO PRINCIPAL--NOMBRE PERSONAL
Nombre de persona Amiel, Tel
222 #0 - TÍTULO CLAVE
Título clave RIED : REVISTA IBEROAMERICANA DE EDUCACION A DISTANCIA
245 04 - MENCIÓN DE TÍTULO
Título The academic production on open educational resources in Portuguese
260 ## - PUBLICACIÓN, DISTRIBUCIÓN, ETC.
Lugar de publicación, distribución, etc. Madrid, España
300 ## - DESCRIPCIÓN FÍSICA
Extensión 81-104
362 0# - FECHAS DE PUBLICACIÓN Y/O DESIGNACIÓN SECUENCIAL
Fecha de publicación y/o designación secuencial 2017 Volumen 20, número 1
520 3# - NOTA DE RESUMEN, ETC.
Sumario, etc. Los estudios sobre Recursos Educativos en Abierto (REA) proporcionan nuevas perspectivas sobre la circulación y producción de contenidos educativos impresos y digitales. Los REA son componentes importantes en la búsqueda de modelos educativos emergentes y sostenibles, como, por ejemplo, los libros didácticos abiertos. A pesar de su popularidad en todo el mundo, poco se sabe acerca de la producción académica en portugués con uso de REA. Este estudio tiene como objetivo describir y analizar la literatura académica en el idioma portugués sobre REA publicada hasta mayo de 2015, usando como fuente de consulta diversas bases de datos y revistas científicas que utilizan técnicas bibliométricas. El estudio analiza los trabajos identificados por temáticas y redes de instituciones, y se presenta una crítica sobre el estado del arte de la producción académica en idioma portugués con uso de REA. De esta forma, este estudio pretende contribuir al aumento de la visibilidad de la producción académica en lenguas menos prominentes como el portugués, y fomentar la integración y la colaboración entre autores que frecuentemente abordan la misma temática ignorando los estudios sobre REA desarrollados -o en desarrollo- por otros
653 0# - TERMINO DE INDIZACION - NO CONTROLADO
Término no controlado RECURSOS DIGITALES
653 0# - TERMINO DE INDIZACION - NO CONTROLADO
Término no controlado RECURSOS IMPRESOS
653 0# - TERMINO DE INDIZACION - NO CONTROLADO
Término no controlado RECURSOS EDUCATIVOS EN ABIERTO
856 4# - LOCALIZACIÓN Y ACCESO ELECTRÓNICOS
Identificador Uniforme del Recurso <a href="http://www.redalyc.org/pdf/3314/331450972005.pdf">http://www.redalyc.org/pdf/3314/331450972005.pdf</a>
856 4# - LOCALIZACIÓN Y ACCESO ELECTRÓNICOS
Identificador Uniforme del Recurso <a href="DOI: http://dx.doi.org/10.5944/ried.20.1.16332">DOI: http://dx.doi.org/10.5944/ried.20.1.16332</a>
905 ## - TIPO DE MATERIAL
Tipo de material Articulo

No items available.